ជីវិតជុំវិញបឺងទន្លេសាប : (Record no. 6279)
[ view plain ]
| 000 -LEADER | |
|---|---|
| fixed length control field | 01965nam a22002777a 4500 |
| 001 - CONTROL NUMBER | |
| control field | 6279 |
| 003 - CONTROL NUMBER IDENTIFIER | |
| control field | FISKH |
| 005 - DATE AND TIME OF LATEST TRANSACTION | |
| control field | 20250530110315.0 |
| 008 - FIXED-LENGTH DATA ELEMENTS--GENERAL INFORMATION | |
| fixed length control field | 250408b cb ||||| |||| 00| 0 eng d |
| 020 ## - INTERNATIONAL STANDARD BOOK NUMBER | |
| International Standard Book Number | 9789995054618 |
| 040 ## - CATALOGING SOURCE | |
| Original cataloging agency | FISKH |
| Language of cataloging | khr |
| Transcribing agency | FISKH |
| Modifying agency | FISKH |
| 050 ## - LIBRARY OF CONGRESS CALL NUMBER | |
| Classification number | PZ7 |
| 082 ## - DEWEY DECIMAL CLASSIFICATION NUMBER | |
| Classification number | 577.63 |
| 100 ## - MAIN ENTRY--PERSONAL NAME | |
| Personal name | Mengchheang, Sunheng |
| 245 ## - TITLE STATEMENT | |
| Title | ជីវិតជុំវិញបឺងទន្លេសាប : |
| Remainder of title | វិស្សមកាលលើបឺងទន្លេសាប រឿងដែលនាំប្អូនកម្សាន្តតាមទឺក / |
| Statement of responsibility, etc. | និពន្ធដោយ ស៊ុនហេង ម៉េងឈាង |
| 260 ## - PUBLICATION, DISTRIBUTION, ETC. | |
| Place of publication, distribution, etc. | Phnom Penh : |
| Name of publisher, distributor, etc. | Sipar , |
| Date of publication, distribution, etc. | 2011. |
| 300 ## - PHYSICAL DESCRIPTION | |
| Extent | 40 pages : |
| Other physical details | color illustrations, maps ; |
| Dimensions | 20 cm . |
| 490 ## - SERIES STATEMENT | |
| Series statement | ខ្ញុំចង់ដឺង |
| 520 ## - SUMMARY, ETC. | |
| Summary, etc. | ជីវិតជុំវិញទន្លេសាបផ្តល់ព័ត៌មានអំពីរបៀបរស់នៅរបស់ប្រជាជនក្នុងខេត្ត និងរាជធានីជុំវិញទន្លេសាប ដូចជា៖ ភ្នំពេញ កំពង់ឆ្នាំង ពោធិសាត់ បាត់ដំបង ប៉ៃលិន សៀមរាប កំពង់ធំ ព្រះវិហារ បន្ទាយមានជ័យ និងប្រទេសថៃ ដែលជាប្រទេសជិតខាងរបស់យើង។ |
| 520 ## - SUMMARY, ETC. | |
| Summary, etc. | Life around Tonlesap provides information of how people live in the provinces and capital city around Tonlesap such as: Phnom Penh, Kampong Chnang, Pursat, Battambong, Pailin, Siem Reap, Kampong Thom, Preah Vihear, Banteay Meanchey and Thailand, our neighbouring country. |
| 650 ## - SUBJECT ADDED ENTRY--TOPICAL TERM | |
| Topical term or geographic name entry element | ការរស់នៅ |
| Form subdivision | ធម្មជាតិ |
| General subdivision | បឺងទន្លេសាប |
| 650 ## - SUBJECT ADDED ENTRY--TOPICAL TERM | |
| Topical term or geographic name entry element | Live |
| Form subdivision | Nature |
| General subdivision | Tonlesap |
| 700 ## - ADDED ENTRY--PERSONAL NAME | |
| Personal name | Sethi, Hok |
| Relator term | Publisher |
| 942 ## - ADDED ENTRY ELEMENTS (KOHA) | |
| Source of classification or shelving scheme | Dewey Decimal Classification |
| Koha item type | Books |
| Suppress in OPAC | No |
| Withdrawn status | Lost status | Source of classification or shelving scheme | Damaged status | Not for loan | Collection | Home library | Current library | Shelving location | Date acquired | Total Checkouts | Full call number | Barcode | Date last seen | Copy number | Price effective from | Koha item type |
|---|---|---|---|---|---|---|---|---|---|---|---|---|---|---|---|---|
| Dewey Decimal Classification | Khmer Language Books / សៀវភៅភាសាខ្មែរ | Footprints International School Library Network Toul Tom Poung Campus | Footprints International School Library Network Toul Tom Poung Campus | TTP Primary Khmer Bookshelves | 04/08/2025 | MEN PZ7 577.63 | 2024-1893 | 04/08/2025 | 1 | 04/08/2025 | Books | |||||
| Dewey Decimal Classification | Khmer Language Books / សៀវភៅភាសាខ្មែរ | Footprints International School Library Network Toul Tom Poung Campus | Footprints International School Library Network Toul Tom Poung Campus | TTP Secondary Khmer Bookshelves | 04/08/2025 | MEN PZ7 577.63 | FIS02276 | 04/08/2025 | 2 | 04/08/2025 | Books | |||||
| Dewey Decimal Classification | Khmer Language Books / សៀវភៅភាសាខ្មែរ | Footprints International School Library Network Toul Tom Poung Campus | Footprints International School Library Network Toul Tom Poung Campus | TTP Secondary Khmer Bookshelves | 04/09/2025 | MEN PZ7 577.63 | FISSE02463 | 04/09/2025 | 3 | 04/09/2025 | Books |
